| 000 | 01123nam a2200313 a 4500 | ||
|---|---|---|---|
| 001 | 000025063 | ||
| 005 | 20250526115843.0 | ||
| 008 | 110209s1975 ve r 000 0 spa d | ||
| 040 |
_aDO-SdBNP _bspa _cBNPHU |
||
| 082 |
_a301.243 _bS678 |
||
| 245 | 0 | 1 |
_aLa sociedad tecnológica : _bcamino al desastre? / _cOskar Schatz ... [et al.]. |
| 260 |
_aCaracas, Venezuela : _bMonte Ávila Editores, _c1975. |
||
| 300 |
_a233 p. ; _c18 cm. |
||
| 490 | 1 | _aLetra viva | |
| 500 | _aColoquio realizado en Salzburgo, Austria sobre las contradicciones de la sociedad tecnológica desde el punto de vista crítico y humanístico. | ||
| 650 | 4 |
_aTecnología _xAspecto social _949627 |
|
| 700 | 1 |
_aSchatz, Oskar _951427 |
|
| 700 | 1 |
_aRein, Mercedes _etr. _951428 |
|
| 700 | 1 |
_aMarcuse, Herbert, _d1898-1979 _95128 |
|
| 700 | 1 |
_aFromm, Erich _951429 |
|
| 700 | 1 |
_aSiguan Soler, Miguel _951430 |
|
| 700 | 1 |
_aLeser, Norbert _951431 |
|
| 700 | 1 |
_aHeimendahl, Eckhart _951432 |
|
| 700 | 1 |
_aKofler, Leo _951433 |
|
| 700 | 1 |
_aRosenberg, Alfons _951434 |
|
| 700 | 1 |
_aMarcovic, Mihailo _951435 |
|
| 830 | 0 |
_aLetra viva _95252 |
|
| 049 | _aBNPHU | ||
| 999 |
_c24556 _d24556 |
||